Mixed essays, Irish essays and others /

Bibliographic Details
Main Author: Arnold, Matthew, 1822-1888
Format: Book
Language:English
Published: New York : Macmillan and co., 1883.
Subjects:

MARC

Tag First Indicator Second Indicator Subfields
LEADER 00000cam a2200000 4500
001 in00000022479
005 20151007064018.0
008 720718s1883 nyu 00010 eng
010 |a  42044398  
035 |a (OCoLC)00358806 
035 |9 AAD8832AM 
040 |a DLC  |c WSU  |d OCL  |d TXA  |d UtOrBLW 
049 |a TXAM  |c [167606]  |a TXAS [arno]  |c 2 
050 0 |a PR4022  |b .M4 1883 
092 |a 824  |b A757m 
100 1 |a Arnold, Matthew,  |d 1822-1888. 
245 1 0 |a Mixed essays, Irish essays and others /  |c by Matthew Arnold. 
264 1 |a New York :  |b Macmillan and co.,  |c 1883. 
300 |a 2 pages ., [vii]-x pages, 1 ., 507 pages ;  |c 18 cm. 
336 |a text  |b txt  |2 rdacontent 
337 |a unmediated  |b n  |2 rdamedia 
338 |a volume  |b nc  |2 rdacarrier 
505 0 |a Democracy.--Equality.--Irish Catholicism and British liberalism.--"Porro unum est necessarium."--A guide to English literature.--Falkland.--A French critic on Milton.--A French critic on Goethe.--George Sand. 
650 0 |a Democracy. 
999 |a MARS 
999 f f |s 9684192c-6e08-3a10-a3eb-aea3d84e3b9c  |i c56e2768-fe73-3099-b2ac-47e23ce472c5  |t 0 
952 f f |p noncirc  |a Texas A&M University  |b College Station  |c Cushing Memorial Library & Archives  |d Cushing: Literature/Arnold (Does not check out)  |t 0  |e PR4022 .M4 1883  |h Library of Congress classification  |i unmediated -- volume 
998 f f |a PR4022 .M4 1883  |t 0  |l Cushing: Literature/Arnold (Does not check out)